[Event "GER-chT Christmas U20"]
[Site "Playchess.com INT"]
[Date "2020.12.29"]
[Round "2.3"]
[White "Koll, Linus"]
[Black "Michels, Fabio"]
[Result "1-0"]
[WhiteElo "1963"]
[BlackElo "1865"]
[PlyCount "79"]
[EventDate "2020.12.29"]
[EventType "team-swiss (blitz)"]
[EventRounds "7"]
[EventCountry "GER"]
[SourceTitle "CBM 200 Extra"]
[Source "ChessBase"]
[SourceDate "2021.03.31"]
[SourceVersion "1"]
[SourceVersionDate "2021.03.31"]
[SourceQuality "1"]
[WhiteTeam "Karlsruhe"]
[BlackTeam "Kastellaun"]
[WhiteTeamCountry "GER"]
[BlackTeamCountry "GER"]

1. e4 c5 2. Nf3 Nc6 3. d4 cxd4 4. Nxd4 g6 5. Nxc6 bxc6 6. Qd4 Nf6 7. e5 Qa5+ 8. c3 Nd5 9. e6 Nf6 10. exf7+ Kxf7 11. Bc4+ d5 12. Bb3 Bg7 13. 0-0 Re8 14. Qh4 Kg8 15. c4 Be6 16. Bd2 Qd8 17. Nc3 Bf7 18. Bg5 d4 19. Ne2 c5 20. Nf4 Qd6 21. Nd3 e5 22. f3 e4 23. fxe4 Nxe4 24. Rae1 Nxg5 25. Qxg5 a5 26. Qxc5 Qxc5 27. Nxc5 Rac8 28. Nb7 Rxe1 29. Rxe1 d3 30. Nd6 Rd8 31. Nxf7 Kxf7 32. c5+ Kf8 33. c6 d2 34. Rf1+ Ke7 35. c7 Rc8 36. Rf7+ Kd6 37. Rxg7 Re8 38. Kf2 Rc8 39. Ke2 Rxc7 40. Rxc7 1-0

[Event "GER-chT Christmas U20"]
[Site "Playchess.com INT"]
[Date "2020.12.29"]
[Round "1.3"]
[White "Michels, Fabio"]
[Black "Wilczek, Mailo"]
[Result "1-0"]
[WhiteElo "1865"]
[BlackElo "1232"]
[PlyCount "53"]
[EventDate "2020.12.29"]
[EventType "team-swiss (blitz)"]
[EventRounds "7"]
[EventCountry "GER"]
[SourceTitle "CBM 200 Extra"]
[Source "ChessBase"]
[SourceDate "2021.03.31"]
[SourceVersion "1"]
[SourceVersionDate "2021.03.31"]
[SourceQuality "1"]
[WhiteTeam "Kastellaun"]
[BlackTeam "Greiz"]
[WhiteTeamCountry "GER"]
[BlackTeamCountry "GER"]

1. c4 e6 2. g3 Nf6 3. Bg2 d5 4. Nf3 Nbd7 5. 0-0 Be7 6. b3 b6 7. Bb2 Bb7 8. d3 c5 9. cxd5 exd5 10. d4 0-0 11. Nc3 Re8 12. e3 Ne4 13. Qc2 Ndf6 14. Rfd1 Nxc3 15. Bxc3 Ne4 16. Bb2 Bf6 17. Nd2 Rc8 18. Nxe4 dxe4 19. dxc5 Qe7 20. Bxf6 Qxf6 21. b4 Rcd8 22. Rac1 Rc8 23. Rd6 Qe5 24. Qa4 bxc5 25. bxc5 Rxc5 26. Rxc5 Qxc5 27. Qxe8# 1-0

[Event "GER-ch Net Amateur Gr-A Vor2"]
[Site "Playchess.com INT"]
[Date "2020.04.15"]
[Round "6"]
[White "Michels, Fabio"]
[Black "Leers Fischer, Hans"]
[Result "0-1"]
[WhiteElo "1374"]
[BlackElo "1731"]
[PlyCount "66"]
[EventDate "2020.04.15"]
[EventType "swiss (blitz)"]
[EventRounds "9"]
[EventCountry "GER"]
[SourceTitle "CBM 196 Extra"]
[Source "ChessBase"]
[SourceDate "2020.07.31"]
[SourceVersion "1"]
[SourceVersionDate "2020.07.31"]
[SourceQuality "1"]

1. c4 g6 2. g3 Bg7 3. Bg2 Nf6 4. Nc3 0-0 5. e4 d6 6. Nge2 Nc6 7. 0-0 e5 8. d3 Bg4 9. h3 Bd7 10. f4 Ne7 11. a3 c6 12. b4 Rc8 13. Bb2 Nh5 14. g4 Nxf4 15. Nxf4 exf4 16. Rxf4 f5 17. exf5 gxf5 18. Rb1 fxg4 19. Rxf8+ Qxf8 20. hxg4 Qf4 21. Qf3 Rf8 22. Rf1 Qxf3 23. Bxf3 Ng6 24. Kh2 Ne5 25. Be2 Nxg4+ 26. Kg3 Be5+ 27. Kh4 Ne3 28. Rxf8+ Kxf8 29. Na4 Ng2+ 30. Kg5 Bf4+ 31. Kf6 h6 32. Bd4 Bg5+ 33. Kg6 Nf4+ 0-1

[Event "GER-ch Net Amateur Gr-A Vor2"]
[Site "Playchess.com INT"]
[Date "2020.04.15"]
[Round "4"]
[White "Michels, Fabio"]
[Black "Stangl, Anita"]
[Result "0-1"]
[WhiteElo "1380"]
[BlackElo "1794"]
[PlyCount "54"]
[EventDate "2020.04.15"]
[EventType "swiss (blitz)"]
[EventRounds "9"]
[EventCountry "GER"]
[SourceTitle "CBM 196 Extra"]
[Source "ChessBase"]
[SourceDate "2020.07.31"]
[SourceVersion "1"]
[SourceVersionDate "2020.07.31"]
[SourceQuality "1"]

1. c4 e6 2. g3 d5 3. Bg2 c6 4. Nf3 dxc4 5. 0-0 Nf6 6. Ne5 Be7 7. Nxc4 0-0 8. Nc3 Nbd7 9. d3 Qc7 10. Bf4 e5 11. Bg5 h6 12. Be3 Ng4 13. h3 Nxe3 14. Nxe3 Bg5 15. Nc4 f5 16. h4 Bf6 17. e3 f4 18. Ne4 Nb6 19. Nxf6+ Rxf6 20. Nxb6 Qxb6 21. exf4 exf4 22. Qe2 fxg3 23. Kh1 gxf2 24. b3 Bd7 25. Qe7 Bf5 26. Rad1 Qd4 27. Qxb7 Qxh4+ 0-1

[Event "GER-ch Net Amateur Gr-A Vor1"]
[Site "Playchess.com INT"]
[Date "2020.04.14"]
[Round "2"]
[White "Ahrends, Norbert"]
[Black "Michels, Fabio"]
[Result "0-1"]
[WhiteElo "1802"]
[BlackElo "1291"]
[PlyCount "134"]
[EventDate "2020.04.14"]
[EventType "swiss (blitz)"]
[EventRounds "9"]
[EventCountry "GER"]
[SourceTitle "EXT 2021"]
[Source "ChessBase"]
[SourceDate "2020.10.23"]
[SourceVersion "1"]
[SourceVersionDate "2020.10.23"]
[SourceQuality "1"]

1. d4 Nf6 2. c4 c5 3. d5 b5 4. cxb5 a6 5. Nc3 axb5 6. Nxb5 g6 7. Nc3 d6 8. g3 Bg7 9. Bg2 0-0 10. Nf3 Nbd7 11. 0-0 Ba6 12. Rb1 Ng4 13. h3 Nge5 14. Nxe5 Nxe5 15. Qc2 Qa5 16. Re1 Rfb8 17. Bd2 Nc4 18. Bg5 Rb7 19. Ne4 Rab8 20. b3 Na3 21. Bd2 Nxc2 22. Bxa5 Nxe1 23. Bxe1 Bxe2 24. Nd2 Bd3 25. Rd1 Be2 26. Rc1 Ra7 27. a4 Bd3 28. Bf3 Bb2 29. Rd1 Bc2 30. Kf1 Bxd1 31. Bxd1 Bc3 32. Nc4 Bxe1 33. Kxe1 Kf8 34. Kd2 Ke8 35. Kc3 Kd7 36. Bg4+ e6 37. Bf3 Rab7 38. dxe6+ fxe6 39. Bxb7 Rxb7 40. Na5 Ra7 41. Nc4 d5 42. Nb2 Rb7 43. f4 Kc6 44. Nd3 Kd6 45. Nb2 e5 46. fxe5+ Kxe5 47. Nd3+ Kd6 48. Nf4 d4+ 49. Kc2 g5 50. Nd3 Kd5 51. h4 h6 52. hxg5 hxg5 53. Nb2 Rb4 54. Nd3 Rb7 55. Nb2 Rf7 56. Kd2 Rf2+ 57. Kc1 Ke4 58. a5 d3 59. Nc4 Rc2+ 60. Kd1 Ra2 61. Kc1 d2+ 62. Kd1 Kd3 63. Ne5+ Ke3 64. Nc4+ Kd3 65. Ne5+ Kc3 66. Nc6 Ra1+ 67. Ke2 d1Q+ 0-1

[Event "GER-ch Net Amateur Gr-A Vor1"]
[Site "Playchess.com INT"]
[Date "2020.04.14"]
[Round "7"]
[White "Kuhn, Hubert"]
[Black "Michels, Fabio"]
[Result "1-0"]
[WhiteElo "1733"]
[BlackElo "1349"]
[PlyCount "43"]
[EventDate "2020.04.14"]
[EventType "swiss (blitz)"]
[EventRounds "9"]
[EventCountry "GER"]
[SourceTitle "EXT 2021"]
[Source "ChessBase"]
[SourceDate "2020.10.23"]
[SourceVersion "1"]
[SourceVersionDate "2020.10.23"]
[SourceQuality "1"]

1. d4 Nf6 2. Nf3 g6 3. g3 Bg7 4. Bg2 0-0 5. 0-0 d6 6. b3 Nbd7 7. Bb2 Re8 8. Qc1 c5 9. Rd1 Rb8 10. a4 a6 11. a5 cxd4 12. Nxd4 e6 13. Nc3 d5 14. e4 dxe4 15. Nxe4 Nxe4 16. Bxe4 Qe7 17. Ba3 Qf6 18. c3 e5 19. Nf3 b6 20. Bd6 Rb7 21. Qe3 Ra7 22. axb6 1-0

[Event "GER-ch Net Amateur Gr-A Vor1"]
[Site "Playchess.com INT"]
[Date "2020.04.14"]
[Round "1"]
[White "Michels, Fabio"]
[Black "Wiechert, Hans"]
[Result "0-1"]
[WhiteElo "1292"]
[BlackElo "1903"]
[PlyCount "48"]
[EventDate "2020.04.14"]
[EventType "swiss (blitz)"]
[EventRounds "9"]
[EventCountry "GER"]
[SourceTitle "EXT 2021"]
[Source "ChessBase"]
[SourceDate "2020.10.23"]
[SourceVersion "1"]
[SourceVersionDate "2020.10.23"]
[SourceQuality "1"]

1. c4 Nf6 2. g3 e6 3. Bg2 d5 4. Nf3 Be7 5. 0-0 0-0 6. b3 c5 7. e3 b6 8. Bb2 Nc6 9. Qe2 Ba6 10. d3 Rc8 11. Nbd2 Qd7 12. Rfd1 Rfd8 13. Rac1 h6 14. a3 Bb7 15. d4 cxd4 16. Nxd4 Nxd4 17. Bxd4 dxc4 18. Nxc4 Bxg2 19. Bxf6 Qb7 20. Bxe7 Bf3 21. Rxd8+ Rxd8 22. Qc2 Qxe7 23. Ne5 Bb7 24. Qc7 Rd1+ 0-1

[Event "Heusenstamm Sparkassen op-A 6th"]
[Site "Heusenstamm"]
[Date "2019.11.22"]
[Round "2"]
[White "Hilzinger, Markus"]
[Black "Michels, Fabio"]
[Result "1-0"]
[WhiteElo "2141"]
[BlackElo "1800"]
[PlyCount "71"]
[EventDate "2019.11.21"]
[EventType "swiss"]
[EventRounds "7"]
[EventCountry "GER"]
[SourceTitle "CBM 194 Extra"]
[Source "ChessBase"]
[SourceDate "2020.03.31"]
[SourceVersion "1"]
[SourceVersionDate "2020.03.31"]
[SourceQuality "1"]

1. c4 c5 2. Nf3 Nc6 3. Nc3 g6 4. g3 Bg7 5. Bg2 e5 6. 0-0 Nge7 7. b3 0-0 8. Bb2 d6 9. e3 h6 10. Ne1 Be6 11. Rc1 Rc8 12. Ne2 b6 13. e4 Nd4 14. Bxd4 cxd4 15. d3 Qc7 16. Nf3 Qd7 17. Nd2 Nc6 18. a3 a5 19. Rb1 Na7 20. b4 axb4 21. Rxb4 b5 22. Qb3 bxc4 23. Nxc4 Nc6 24. Rb7 Rc7 25. Rxc7 Qxc7 26. Rc1 Rb8 27. Qa4 Bxc4 28. Rxc4 Rb6 29. Nc1 Qb7 30. Na2 Ra6 31. Qc2 Rxa3 32. Rxc6 Rxa2 33. Rc8+ Bf8 34. Rxf8+ Kxf8 35. Qxa2 Qb4 36. Bf3 1-0

[Event "Vellmar op 11th"]
[Site "Vellmar"]
[Date "2019.07.05"]
[Round "3"]
[White "Michels, Fabio"]
[Black "Ruhl, Moritz"]
[Result "0-1"]
[WhiteElo "1720"]
[BlackElo "1890"]
[PlyCount "68"]
[EventDate "2019.07.04"]
[EventType "swiss"]
[EventRounds "7"]
[EventCountry "GER"]
[SourceTitle "CBM 191 Extra"]
[Source "ChessBase"]
[SourceDate "2019.09.30"]
[SourceVersion "1"]
[SourceVersionDate "2019.09.30"]
[SourceQuality "1"]

1. c4 Nf6 2. g3 c5 3. Bg2 g6 4. Nc3 Bg7 5. d3 Nc6 6. e4 d6 7. Nge2 e5 8. 0-0 0-0 9. h3 Be6 10. f4 Qd7 11. Kh2 Ne8 12. a3 Nc7 13. Nd5 Bxd5 14. exd5 Ne7 15. Rb1 b5 16. b4 Rab8 17. bxc5 dxc5 18. Be3 Na6 19. fxe5 Bxe5 20. Bh6 Rfe8 21. Bf4 Nf5 22. cxb5 Bxf4 23. Rxf4 Ne3 24. Qd2 Nxg2 25. Kxg2 Qxd5+ 26. Kh2 Nc7 27. Nc3 Qd7 28. Ne4 Nd5 29. Nxc5 Qe7 30. Rc4 Ne3 31. Rcc1 Qg5 32. Ne4 Rxe4 33. Qa5 Qf6 34. Rb2 Qxb2+ 0-1

[Event "Pfalz op-B 10th"]
[Site "Neustadt an der Weinstrasse"]
[Date "2019.03.03"]
[Round "4"]
[White "Rummelshaus, Heinz"]
[Black "Michels, Fabio"]
[Result "1/2-1/2"]
[WhiteElo "1875"]
[BlackElo "1721"]
[PlyCount "64"]
[EventDate "2019.03.01"]
[EventType "swiss"]
[EventRounds "7"]
[EventCountry "GER"]
[SourceTitle "CBM 189 Extra"]
[Source "ChessBase"]
[SourceDate "2019.05.31"]
[SourceVersion "1"]
[SourceVersionDate "2019.05.31"]
[SourceQuality "1"]

1. e4 c5 2. d4 cxd4 3. c3 d3 4. Bxd3 Nc6 5. Nf3 g6 6. 0-0 Bg7 7. Be3 Nf6 8. Na3 0-0 9. Qd2 d5 10. exd5 Nxd5 11. Bh6 e5 12. Bxg7 Kxg7 13. Rfe1 Re8 14. Be4 Be6 15. Rad1 Nde7 16. Qe3 Qa5 17. Rd6 Bxa2 18. Ra1 Bb3 19. Nc2 Qc7 20. Qc5 Rad8 21. Rxd8 Rxd8 22. Ne3 Qd6 23. Qb5 Bd5 24. Nxd5 Nxd5 25. Qxb7 Nxc3 26. Qxc6 Qd1+ 27. Ne1 Ne2+ 28. Kf1 Qxa1 29. Kxe2 Qd1+ 30. Kf1 Rd2 31. Qb5 f6 32. Bf3 Qb1 1/2-1/2

[Event "Heusenstamm Sparkassen op-B 5th"]
[Site "Heusenstamm"]
[Date "2018.11.25"]
[Round "6"]
[White "Graef, Jakob Vincent"]
[Black "Michels, Fabio"]
[Result "0-1"]
[WhiteElo "1520"]
[BlackElo "1727"]
[PlyCount "108"]
[EventDate "2018.11.22"]
[EventType "swiss"]
[EventRounds "7"]
[EventCountry "GER"]
[SourceTitle "CBM 187 Extra"]
[Source "ChessBase"]
[SourceDate "2018.11.04"]
[SourceVersion "1"]
[SourceVersionDate "2018.11.04"]
[SourceQuality "1"]

1. e4 c5 2. c3 d5 3. e5 g6 4. d4 cxd4 5. cxd4 Bg7 6. Nf3 Nc6 7. Nc3 a6 8. h3 e6 9. Be2 Nge7 10. Bg5 h6 11. Bxe7 Qxe7 12. a3 0-0 13. 0-0 f6 14. exf6 Qxf6 15. Bd3 Nxd4 16. Nxd4 Qxd4 17. Bxg6 Qf6 18. Bc2 b5 19. Bb3 Bb7 20. Qg4 Rae8 21. Bc2 Rc8 22. Bb3 Bc6 23. Rae1 Rce8 24. f3 a5 25. Re2 b4 26. axb4 axb4 27. Rfe1 bxc3 28. Rxe6 Qd4+ 29. Kh1 Qxg4 30. hxg4 cxb2 31. Bxd5 Bxd5 32. Rxe8 Rxe8 33. Rxe8+ Kf7 34. Rb8 Ba2 35. Rb7+ Ke6 36. Rb6+ Kd5 37. Kh2 b1Q 38. Rxb1 Bxb1 39. Kh3 Ke5 40. g3 Bf6 41. Kg2 Bg5 42. f4+ Bxf4 43. gxf4+ Kxf4 44. Kh3 Kg5 45. Kg3 Be4 46. Kh3 Bf3 47. Kg3 Bxg4 48. Kh2 h5 49. Kg3 h4+ 50. Kh2 Be6 51. Kg2 Kg4 52. Kh2 h3 53. Kh1 Kg3 54. Kg1 h2+ 0-1

[Event "Heusenstamm Sparkassen op-B 5th"]
[Site "Heusenstamm"]
[Date "2018.11.23"]
[Round "3"]
[White "Michels, Fabio"]
[Black "Lohia, Sohum"]
[Result "0-1"]
[WhiteElo "1727"]
[BlackElo "1562"]
[PlyCount "64"]
[EventDate "2018.11.22"]
[EventType "swiss"]
[EventRounds "7"]
[EventCountry "GER"]
[SourceTitle "CBM 187 Extra"]
[Source "ChessBase"]
[SourceDate "2018.11.04"]
[SourceVersion "1"]
[SourceVersionDate "2018.11.04"]
[SourceQuality "1"]

1. c4 Nf6 2. g3 e6 3. Bg2 d5 4. Nf3 c5 5. 0-0 Nc6 6. b3 Be7 7. Bb2 0-0 8. Re1 b6 9. d3 Bb7 10. Nbd2 Qc7 11. e4 dxe4 12. dxe4 Rfd8 13. e5 Nd7 14. Qc2 Nf8 15. Ne4 Nb4 16. Qe2 Nd3 17. Reb1 Ng6 18. Bc3 Ngxe5 19. Nxe5 Nxe5 20. f4 Nc6 21. Qg4 Nd4 22. Rd1 f5 23. Qh3 Bxe4 24. Bxe4 Ne2+ 25. Kg2 Nxc3 26. Bxa8 Rxd1 27. Rxd1 Nxd1 28. Qh5 Qd8 29. Bf3 Ne3+ 30. Kg1 Bf6 31. h3 Bd4 32. Kh2 g6 0-1

[Event "Vellmar op 10th"]
[Site "Vellmar"]
[Date "2018.07.15"]
[Round "7"]
[White "Michels, Fabio"]
[Black "Ruhl, Marcel"]
[Result "1/2-1/2"]
[WhiteElo "1729"]
[BlackElo "1721"]
[PlyCount "87"]
[EventDate "2018.07.12"]
[EventType "swiss"]
[EventRounds "7"]
[EventCountry "GER"]
[SourceTitle "CBM 185 Extra"]
[Source "ChessBase"]
[SourceDate "2018.07.29"]
[SourceVersion "1"]
[SourceVersionDate "2018.07.29"]
[SourceQuality "1"]

1. c4 Nf6 2. g3 g6 3. Bg2 Bg7 4. Nc3 e5 5. e4 Nc6 6. Nge2 d6 7. 0-0 0-0 8. h3 Nd7 9. d3 Nc5 10. a3 a5 11. f4 f5 12. Rb1 fxe4 13. dxe4 Be6 14. b4 axb4 15. axb4 Nd7 16. Nd5 Ne7 17. Be3 c6 18. Nxe7+ Qxe7 19. Qc2 exf4 20. Nxf4 Ne5 21. c5 Nc4 22. cxd6 Qd7 23. Nxe6 Qxe6 24. Qb3 Ra3 25. Rxf8+ Bxf8 26. Qc2 Nxe3 27. Qc1 Nc4 28. Bf1 Kg7 29. Qxc4 Qxc4 30. Bxc4 Rxg3+ 31. Kh2 Bxd6 32. Kh1 Rxh3+ 33. Kg2 Re3 34. b5 Rxe4 35. Bf1 Rb4 36. Rd1 Be7 37. Rd7 Kf6 38. Rxb7 cxb5 39. Rxb5 Rxb5 40. Bxb5 h5 41. Kh3 g5 42. Bd7 Ke5 43. Bc8 h4 44. Kg4 1/2-1/2

[Event "Vellmar op 10th"]
[Site "Vellmar"]
[Date "2018.07.14"]
[Round "4"]
[White "Brouer, Pieter"]
[Black "Michels, Fabio"]
[Result "1-0"]
[WhiteElo "2026"]
[BlackElo "1729"]
[PlyCount "93"]
[EventDate "2018.07.12"]
[EventType "swiss"]
[EventRounds "7"]
[EventCountry "GER"]
[SourceTitle "CBM 185 Extra"]
[Source "ChessBase"]
[SourceDate "2018.07.29"]
[SourceVersion "1"]
[SourceVersionDate "2018.07.29"]
[SourceQuality "1"]

1. g3 c5 2. Bg2 Nc6 3. f4 d5 4. Nf3 g6 5. 0-0 Bg7 6. d3 Nf6 7. c3 0-0 8. Na3 e6 9. e3 a6 10. Qe2 b5 11. e4 c4 12. e5 cxd3 13. Qxd3 Ne4 14. Be3 Bd7 15. Nc2 Na5 16. Bd4 Qc7 17. Ne3 Rfc8 18. Nd2 Nxd2 19. Qxd2 Nc6 20. g4 Nxd4 21. cxd4 Bh6 22. Rf2 Qb6 23. Kh1 Rc7 24. h4 Rac8 25. Raf1 a5 26. h5 b4 27. hxg6 hxg6 28. Rf3 Bb5 29. R1f2 Qc6 30. Bf1 Qc1 31. Qxc1 Rxc1 32. Kg2 Bxf1+ 33. Rxf1 a4 34. g5 Bf8 35. Rxc1 Rxc1 36. Rf1 Rc8 37. Rf2 b3 38. axb3 axb3 39. Kf3 Ra8 40. Ke2 Ra1 41. Ng4 Bb4 42. Nf6+ Kf8 43. Rh2 Re1+ 44. Kf2 Rxe5 45. fxe5 Be1+ 46. Kxe1 Ke7 47. Rh3 1-0

[Event "Vellmar op 10th"]
[Site "Vellmar"]
[Date "2018.07.14"]
[Round "5"]
[White "Michels, Fabio"]
[Black "Kanbach, Mike"]
[Result "1/2-1/2"]
[WhiteElo "1729"]
[BlackElo "1817"]
[PlyCount "26"]
[EventDate "2018.07.12"]
[EventType "swiss"]
[EventRounds "7"]
[EventCountry "GER"]
[SourceTitle "CBM 185 Extra"]
[Source "ChessBase"]
[SourceDate "2018.07.29"]
[SourceVersion "1"]
[SourceVersionDate "2018.07.29"]
[SourceQuality "1"]

1. c4 e5 2. g3 Nf6 3. Bg2 Nc6 4. Nc3 Bb4 5. Nd5 Bc5 6. Nf3 d6 7. d3 h6 8. Bd2 a5 9. Nxf6+ Qxf6 10. 0-0 0-0 11. e3 Be6 12. Bc3 Bb4 13. Qd2 Qe7 1/2-1/2

[Event "Vellmar op 10th"]
[Site "Vellmar"]
[Date "2018.07.13"]
[Round "3"]
[White "Michels, Fabio"]
[Black "Krausse, Eckhard"]
[Result "1/2-1/2"]
[WhiteElo "1729"]
[BlackElo "1974"]
[PlyCount "83"]
[EventDate "2018.07.12"]
[EventType "swiss"]
[EventRounds "7"]
[EventCountry "GER"]
[SourceTitle "CBM 185 Extra"]
[Source "ChessBase"]
[SourceDate "2018.07.29"]
[SourceVersion "1"]
[SourceVersionDate "2018.07.29"]
[SourceQuality "1"]

1. c4 Nf6 2. g3 g6 3. Bg2 Bg7 4. Nc3 0-0 5. e4 c6 6. Nge2 e6 7. d3 d5 8. exd5 exd5 9. cxd5 cxd5 10. 0-0 Nc6 11. d4 Bf5 12. Bg5 h6 13. Bxf6 Qxf6 14. Nxd5 Qd6 15. Ne3 Nxd4 16. Nxd4 Qxd4 17. Nxf5 gxf5 18. Qxd4 Bxd4 19. Bxb7 Rab8 20. Rad1 Rxb7 21. Rxd4 Rxb2 22. Ra4 Rd8 23. Rxa7 Kg7 24. a4 Ra2 25. a5 Rd5 26. a6 Rd6 27. Rc1 Rdxa6 28. Rxa6 Rxa6 29. Kg2 Kg6 30. Rc3 Re6 31. Kf3 Ra6 32. Rd3 Re6 33. h4 h5 34. Rd4 Ra6 35. Kf4 Rb6 36. Ke5 Re6+ 37. Kf4 Rb6 38. f3 Ra6 39. Rd5 Rb6 40. Ke5 Re6+ 41. Kf4 Ra6 42. Ke5 1/2-1/2

[Event "Rheinland Pfalz op 10th"]
[Site "Nickenich"]
[Date "2018.06.02"]
[Round "6"]
[White "Michels, Fabio"]
[Black "Melnikov, Valeri"]
[Result "0-1"]
[WhiteElo "1741"]
[BlackElo "1878"]
[PlyCount "86"]
[EventDate "2018.05.31"]
[EventType "swiss"]
[EventRounds "7"]
[EventCountry "GER"]
[SourceTitle "EXT 2019"]
[Source "ChessBase"]
[SourceDate "2018.10.10"]
[SourceVersion "1"]
[SourceVersionDate "2018.10.10"]
[SourceQuality "1"]

1. c4 Na6 2. g3 g6 3. Bg2 Bg7 4. Nc3 d6 5. e4 Nh6 6. Nge2 0-0 7. 0-0 f5 8. d3 c6 9. h3 e5 10. f4 Be6 11. Be3 Nf7 12. a3 Qd7 13. Kh2 Nc7 14. b4 d5 15. cxd5 cxd5 16. exd5 Nxd5 17. Nxd5 Bxd5 18. fxe5 Bxg2 19. Kxg2 Nxe5 20. d4 Qd5+ 21. Kg1 Nc4 22. Bf2 Nb6 23. Nf4 Qf7 24. Rc1 Rfd8 25. Qd3 Rd6 26. Rfd1 Rad8 27. Ne2 Nd5 28. Rd2 Bh6 29. Nf4 Nxf4 30. gxf4 Bxf4 31. Be3 Bxe3+ 32. Qxe3 f4 33. Qe5 Rd5 34. Qc7 Qxc7 35. Rxc7 R8d7 36. Rxd7 Rxd7 37. Kf2 g5 38. Kf3 Kf7 39. Kg4 Kf6 40. Kh5 Rd5 41. Kh6 Rd7 42. d5 Kf5 43. Kh5 f3 0-1

[Event "Rheinland Pfalz op 10th"]
[Site "Nickenich"]
[Date "2018.06.01"]
[Round "3"]
[White "Buzov, Boris"]
[Black "Michels, Fabio"]
[Result "1-0"]
[WhiteElo "2133"]
[BlackElo "1741"]
[PlyCount "109"]
[EventDate "2018.05.31"]
[EventType "swiss"]
[EventRounds "7"]
[EventCountry "GER"]
[SourceTitle "EXT 2019"]
[Source "ChessBase"]
[SourceDate "2018.10.10"]
[SourceVersion "1"]
[SourceVersionDate "2018.10.10"]
[SourceQuality "1"]

1. Nf3 c5 2. e4 Nc6 3. Bb5 g6 4. Bxc6 bxc6 5. c4 Bg7 6. Nc3 Nf6 7. d3 0-0 8. 0-0 d5 9. h3 e6 10. Qc2 Qc7 11. Na4 Nd7 12. Re1 Bb7 13. Rb1 Rfc8 14. b3 Qd6 15. Ba3 Rc7 16. Rbd1 d4 17. e5 Qe7 18. Re4 h5 19. Rde1 Rf8 20. Rxd4 f6 21. exf6 Rxf6 22. Rde4 Rf5 23. Rxe6 Qf7 24. Re7 Qf6 25. Bb2 Ne5 26. Rxg7+ Rxg7 27. Bxe5 Rxe5 28. Rxe5 g5 29. Qe2 g4 30. hxg4 hxg4 31. Nh2 g3 32. fxg3 Rxg3 33. Re8+ Kf7 34. Qf2 Rxg2+ 35. Kxg2 Qxf2+ 36. Kxf2 Kxe8 37. Ke3 Ke7 38. Nxc5 Bc8 39. Nf3 Kd6 40. b4 Kc7 41. Kd4 Kb6 42. Na4+ Ka6 43. Ne5 Bh3 44. Nxc6 Bg2 45. b5+ Kb7 46. Kc5 a6 47. Na5+ Ka7 48. b6+ Kb8 49. d4 Be4 50. d5 Bf5 51. Kc6 Bg6 52. Nc5 Be8+ 53. Nd7+ Bxd7+ 54. Kxd7 Ka8 55. c5 1-0

[Event "Rheinland Pfalz op 10th"]
[Site "Nickenich"]
[Date "2018.05.31"]
[Round "1"]
[White "Winterberg, Lukas"]
[Black "Michels, Fabio"]
[Result "1-0"]
[WhiteElo "2378"]
[BlackElo "1741"]
[PlyCount "81"]
[EventDate "2018.05.31"]
[EventType "swiss"]
[EventRounds "7"]
[EventCountry "GER"]
[SourceTitle "CBM 184 Extra"]
[Source "ChessBase"]
[SourceDate "2018.06.28"]
[SourceVersion "1"]
[SourceVersionDate "2018.06.28"]
[SourceQuality "1"]

1. d4 Nf6 2. c4 c5 3. d5 b5 4. cxb5 a6 5. bxa6 g6 6. Nc3 Bxa6 7. e4 Bxf1 8. Kxf1 d6 9. g3 Bg7 10. Kg2 Nbd7 11. Nf3 0-0 12. a4 Qa5 13. Bd2 Rfb8 14. Nb5 Qb6 15. Qc2 Ne8 16. Ra3 Nc7 17. Nxc7 Qxc7 18. b4 Qa7 19. Rb1 cxb4 20. Rxb4 Nc5 21. Rxb8+ Rxb8 22. Be3 Rb2 23. Qc4 Qa5 24. Bxc5 dxc5 25. Rb3 Rxb3 26. Qxb3 Bc3 27. d6 exd6 28. Ng5 c4 29. Qxc4 Qxg5 30. Qc8+ Kg7 31. Qxc3+ Kg8 32. a5 Qd8 33. a6 Qa8 34. Qc4 Kg7 35. Kg1 h5 36. h4 Kf8 37. Qb5 Qxe4 38. Qb7 d5 39. a7 Qe1+ 40. Kg2 Qe4+ 41. Kh2 1-0

[Event "Wiesbaden op 29th"]
[Site "Wiesbaden"]
[Date "2017.08.26"]
[Round "5"]
[White "Herrmann, Gerhard"]
[Black "Michels, Fabio"]
[Result "1-0"]
[WhiteElo "1293"]
[BlackElo "1695"]
[PlyCount "62"]
[EventDate "2017.08.24"]
[EventType "swiss"]
[EventRounds "7"]
[EventCountry "GER"]
[SourceTitle "CBM 180 Extra"]
[Source "ChessBase"]
[SourceDate "2017.10.06"]
[SourceVersion "1"]
[SourceVersionDate "2017.10.06"]
[SourceQuality "1"]

1. e4 c5 2. Nf3 Nc6 3. c3 d5 4. exd5 Qxd5 5. d4 e6 6. Be3 cxd4 7. Nxd4 Bd7 8. Nd2 Nf6 9. N2f3 Be7 10. Be2 0-0 11. 0-0 Ng4 12. Nxc6 Bxc6 13. Qxd5 Bxd5 14. Bd4 Bd6 15. h3 Bxf3 16. gxf3 Ne5 17. Kh1 Nc6 18. Be3 Ne7 19. Rad1 Rfd8 20. Rg1 Kh8 21. Bd3 b6 22. Be4 Rac8 23. Bd4 e5 24. Be3 f5 25. Bd3 f4 26. Bc1 Bc5 27. Rgf1 Rd6 28. b4 Bxf2 29. Rxf2 Rxc3 30. Rfd2 g6 31. Bb2 Rdxd3 1-0

[Event "Wiesbaden op 29th"]
[Site "Wiesbaden"]
[Date "2017.08.24"]
[Round "1"]
[White "Werner, Dimo"]
[Black "Michels, Fabio"]
[Result "1-0"]
[WhiteElo "2033"]
[BlackElo "1695"]
[PlyCount "79"]
[EventDate "2017.08.24"]
[EventType "swiss"]
[EventRounds "7"]
[EventCountry "GER"]
[SourceTitle "CBM 180 Extra"]
[Source "ChessBase"]
[SourceDate "2017.10.06"]
[SourceVersion "1"]
[SourceVersionDate "2017.10.06"]
[SourceQuality "1"]

1. d4 Nf6 2. Nf3 g6 3. c4 c5 4. d5 b5 5. Qc2 d6 6. e4 b4 7. Bd3 Nbd7 8. h3 Bg7 9. Bf4 Qc7 10. 0-0 0-0 11. Bh2 a5 12. Re1 a4 13. e5 Ne8 14. Qe2 Bb7 15. Nbd2 a3 16. b3 f6 17. exd6 exd6 18. Rad1 Ne5 19. Bb1 Qd7 20. Ne4 Nc7 21. Nxe5 fxe5 22. Qg4 Qxg4 23. hxg4 Rad8 24. f3 Ba6 25. Bg3 Ne8 26. Bh4 Bf6 27. Bf2 Be7 28. Be3 Kg7 29. Bf2 g5 30. Ng3 Bc8 31. Bf5 Bxf5 32. Nxf5+ Kf6 33. Be3 Rg8 34. Kf2 Rd7 35. Rh1 Bf8 36. Rh5 Rg6 37. Rdh1 Rf7 38. Rxh7 Ng7 39. Ng3 Be7 40. Ne4# 1-0